[Event "World Youth & Cadets Blitz Championships"]
[Site "Rhodes, Greece"]
[Date "2022.05.03"]
[Round "1.20"]
[White "Karvatskyi, Oleksii"]
[Black "Moldovan, Lucas Gabriel"]
[Result "1-0"]
[TimeControl "5'/game & 2\"/move"]
[WhiteElo "1902"]
[BlackElo "1315"]

1. e4 {[%clk 00:05:03]} {[%emt 00:00:01]} c5 {[%clk 00:05:03]} {[%emt
00:00:01]} 2. b3 {[%clk 00:05:04]} {[%emt 00:00:02]} d6 {[%clk 00:04:51]}
{[%emt 00:00:14]} 3. Bb2 {[%clk 00:05:04]} {[%emt 00:00:01]} Nc6 {[%clk
00:04:41]} {[%emt 00:00:11]} 4. Bb5 {[%clk 00:05:04]} {[%emt 00:00:02]} Bd7
{[%clk 00:04:39]} {[%emt 00:00:05]} 5. Nc3 {[%clk 00:05:04]} {[%emt 00:00:02]}
a6 {[%clk 00:04:40]} {[%emt 00:00:01]} 6. Bxc6 {[%clk 00:05:05]} {[%emt
00:00:01]} Bxc6 {[%clk 00:04:41]} {[%emt 00:00:02]} 7. f4 {[%clk 00:05:06]} e6
{[%clk 00:04:33]} {[%emt 00:00:10]} 8. Nf3 {[%clk 00:05:06]} {[%emt 00:00:01]}
b5 {[%clk 00:04:22]} {[%emt 00:00:14]} 9. Qe2 {[%clk 00:05:03]} {[%emt
00:00:05]} Be7 {[%clk 00:04:15]} {[%emt 00:00:08]} 10. O-O-O {[%clk 00:05:01]}
{[%emt 00:00:03]} Nf6 {[%clk 00:03:57]} {[%emt 00:00:20]} 11. d3 {[%clk
00:04:03]} {[%emt 00:01:01]} a5 {[%clk 00:03:42]} {[%emt 00:00:17]} 12. g4
{[%clk 00:03:33]} {[%emt 00:00:32]} O-O {[%clk 00:02:31]} {[%emt 00:01:13]} 13.
g5 {[%clk 00:03:23]} {[%emt 00:00:12]} Nd7 {[%clk 00:02:29]} {[%emt 00:00:04]}
14. d4 {[%clk 00:03:23]} {[%emt 00:00:03]} d5 {[%clk 00:02:25]} {[%emt
00:00:06]} 15. exd5 {[%clk 00:03:05]} {[%emt 00:00:20]} exd5 {[%clk 00:02:26]}
16. dxc5 {[%clk 00:03:01]} {[%emt 00:00:06]} Bxc5 {[%clk 00:02:21]} {[%emt
00:00:06]} 17. Nxd5 {[%clk 00:02:46]} {[%emt 00:00:18]} Re8 {[%clk 00:02:23]}
18. Qg2 {[%clk 00:02:34]} {[%emt 00:00:14]} Bxd5 {[%clk 00:02:09]} {[%emt
00:00:16]} 19. Rxd5 {[%clk 00:02:34]} {[%emt 00:00:02]} Be3+ {[%clk 00:02:09]}
{[%emt 00:00:01]} 20. Kb1 {[%clk 00:02:35]} Qc7 {[%clk 00:02:00]} {[%emt
00:00:11]} 21. Ne5 {[%clk 00:02:20]} {[%emt 00:00:17]} Nb6 {[%clk 00:01:49]}
{[%emt 00:00:13]} 22. Rxb5 {[%clk 00:02:19]} {[%emt 00:00:03]} Bxf4 {[%clk
00:01:50]} 23. Nd3 {[%clk 00:02:08]} {[%emt 00:00:13]} Bd6 {[%clk 00:01:35]}
{[%emt 00:00:17]} 24. Rf1 {[%clk 00:01:54]} {[%emt 00:00:15]} Re7 {[%clk
00:01:30]} {[%emt 00:00:08]} 25. Rxb6 {[%clk 00:01:53]} {[%emt 00:00:03]} Rae8
{[%clk 00:01:19]} {[%emt 00:00:12]} 26. Qc6 {[%clk 00:01:46]} {[%emt 00:00:10]}
Bxh2 {[%clk 00:00:36]} {[%emt 00:00:45]} 27. Qxc7 {[%clk 00:01:41]} {[%emt
00:00:08]} Bxc7 {[%clk 00:00:36]} {[%emt 00:00:02]} 28. Rc6 {[%clk 00:01:39]}
{[%emt 00:00:04]} Bg3 {[%clk 00:00:19]} {[%emt 00:00:19]} 29. Ba3 {[%clk
00:01:29]} {[%emt 00:00:12]} Re2 {[%clk 00:00:19]} {[%emt 00:00:02]} 30. Bd6
{[%clk 00:01:21]} {[%emt 00:00:10]} Bh4 {[%clk 00:00:12]} {[%emt 00:00:09]} 31.
Rc7 {[%clk 00:01:19]} {[%emt 00:00:04]} Bxg5 {[%clk 00:00:13]} {[%emt
00:00:01]} 32. Rcxf7 {[%clk 00:01:19]} {[%emt 00:00:02]} Bf6 {[%clk 00:00:11]}
{[%emt 00:00:04]} 33. Rc7 {[%clk 00:01:02]} {[%emt 00:00:19]} h5 {[%clk
00:00:11]} {[%emt 00:00:01]} 34. Ba3 {[%clk 00:00:50]} {[%emt 00:00:14]} h4
{[%clk 00:00:09]} {[%emt 00:00:06]} 35. Bb2 {[%clk 00:00:51]} h3 {[%clk
00:00:04]} {[%emt 00:00:07]} 36. Bxf6 {[%clk 00:00:48]} {[%emt 00:00:05]} gxf6
{[%clk 00:00:05]} {[%emt 00:00:01]} 37. Rh1 {[%clk 00:00:30]} {[%emt 00:00:20]}
h2 {[%clk 00:00:07]} 38. Rc6 {[%clk 00:00:19]} {[%emt 00:00:13]} Rg2 {[%clk
00:00:08]} 39. Rxh2 {[%clk 00:00:20]} {[%emt 00:00:01]} 1-0

[Event "World Youth & Cadets Blitz Championships"]
[Site "Rhodes, Greece"]
[Date "2022.05.03"]
[Round "1.21"]
[White "Advay, Dhoot"]
[Black "Jalving, August"]
[Result "0-1"]
[TimeControl "5'/game & 2\"/move"]
[WhiteElo "1320"]
[BlackElo "1908"]

1. e4 {[%clk 00:05:03]} c6 {[%clk 00:05:04]} 2. d4 {[%clk 00:05:03]} {[%emt
00:00:02]} d5 {[%clk 00:05:04]} 3. Nd2 {[%clk 00:05:03]} {[%emt 00:00:02]} dxe4
{[%clk 00:05:04]} {[%emt 00:00:02]} 4. Nxe4 {[%clk 00:05:03]} {[%emt 00:00:02]}
Nf6 {[%clk 00:05:05]} {[%emt 00:00:01]} 5. Ng5 {[%clk 00:04:41]} {[%emt
00:00:23]} h6 {[%clk 00:05:00]} {[%emt 00:00:08]} 6. N5f3 {[%clk 00:04:35]}
{[%emt 00:00:07]} Bg4 {[%clk 00:04:59]} {[%emt 00:00:03]} 7. g3 {[%clk
00:04:08]} {[%emt 00:00:30]} Nbd7 {[%clk 00:04:59]} {[%emt 00:00:03]} 8. Bg2
{[%clk 00:03:57]} {[%emt 00:00:11]} e6 {[%clk 00:04:57]} {[%emt 00:00:05]} 9.
Ne2 {[%clk 00:03:51]} {[%emt 00:00:08]} Bd6 {[%clk 00:04:57]} {[%emt 00:00:02]}
10. Nc3 {[%clk 00:03:45]} {[%emt 00:00:07]} O-O {[%clk 00:04:51]} {[%emt
00:00:08]} 11. O-O {[%clk 00:03:38]} {[%emt 00:00:09]} e5 {[%clk 00:04:49]}
{[%emt 00:00:04]} 12. dxe5 {[%clk 00:03:31]} {[%emt 00:00:08]} Nxe5 {[%clk
00:04:49]} {[%emt 00:00:03]} 13. Bf4 {[%clk 00:02:44]} {[%emt 00:00:49]} Nxf3+
{[%clk 00:04:45]} {[%emt 00:00:07]} 14. Bxf3 {[%clk 00:02:36]} {[%emt
00:00:09]} Bxf3 {[%clk 00:04:35]} {[%emt 00:00:12]} 15. Qxf3 {[%clk 00:02:35]}
{[%emt 00:00:03]} Bxf4 {[%clk 00:04:34]} {[%emt 00:00:04]} 16. Qxf4 {[%clk
00:02:35]} {[%emt 00:00:01]} Qb6 {[%clk 00:04:30]} {[%emt 00:00:07]} 17. Ne4
{[%clk 00:02:27]} {[%emt 00:00:09]} Nd5 {[%clk 00:04:22]} {[%emt 00:00:10]} 18.
Qg4 {[%clk 00:02:13]} {[%emt 00:00:15]} f5 {[%clk 00:04:21]} {[%emt 00:00:04]}
19. Nf6+ {[%clk 00:01:50]} {[%emt 00:00:23]} Rxf6 {[%clk 00:04:18]} {[%emt
00:00:06]} 20. Qc4 {[%clk 00:01:49]} {[%emt 00:00:03]} Qb5 {[%clk 00:04:18]}
{[%emt 00:00:03]} 21. Qd3 {[%clk 00:01:14]} {[%emt 00:00:35]} Qxd3 {[%clk
00:04:18]} {[%emt 00:00:03]} 22. cxd3 {[%clk 00:01:15]} {[%emt 00:00:01]} Rd8
{[%clk 00:04:19]} {[%emt 00:00:02]} 23. Rfe1 {[%clk 00:01:11]} {[%emt
00:00:06]} f4 {[%clk 00:04:18]} {[%emt 00:00:02]} 24. Re2 {[%clk 00:00:56]}
{[%emt 00:00:17]} fxg3 {[%clk 00:04:13]} {[%emt 00:00:07]} 25. hxg3 {[%clk
00:00:55]} {[%emt 00:00:03]} Nb4 {[%clk 00:04:13]} {[%emt 00:00:02]} 26. Rae1
{[%clk 00:00:53]} {[%emt 00:00:04]} Nxd3 {[%clk 00:04:13]} {[%emt 00:00:02]} 27.
Rd2 {[%clk 00:00:43]} {[%emt 00:00:11]} Rfd6 {[%emt 00:00:09]} 28. Red1 {[%clk
00:00:40]} {[%emt 00:00:02]} c5 {[%clk 00:03:41]} {[%emt 00:00:30]} 29. Re2
{[%clk 00:00:06]} {[%emt 00:00:34]} Nf4 {[%clk 00:03:42]} {[%emt 00:00:02]} 30.
gxf4 {[%clk 00:00:00]} {[%emt 00:00:06]} 0-1

[Event "World Youth & Cadets Blitz Championships"]
[Site "Rhodes, Greece"]
[Date "2022.05.03"]
[Round "1.22"]
[White "Negrean, Andrei"]
[Black "Kairat, Alexander"]
[Result "1-0"]
[TimeControl "5'/game & 2\"/move"]
[WhiteElo "1862"]
[BlackElo "1285"]

1. d4 {[%clk 00:05:04]} d5 {[%clk 00:05:04]} 2. c4 {[%clk 00:05:05]} {[%emt
00:00:01]} e6 {[%clk 00:05:05]} 3. Nf3 {[%clk 00:05:06]} Nf6 {[%clk 00:05:06]}
{[%emt 00:00:02]} 4. g3 {[%clk 00:05:06]} c6 {[%clk 00:05:06]} {[%emt
00:00:02]} 5. Qc2 {[%clk 00:05:01]} {[%emt 00:00:07]} Be7 {[%clk 00:05:04]}
{[%emt 00:00:05]} 6. Bg2 {[%clk 00:05:01]} {[%emt 00:00:01]} O-O {[%clk
00:05:04]} {[%emt 00:00:03]} 7. O-O {[%clk 00:05:02]} Bd7 {[%clk 00:05:04]}
{[%emt 00:00:02]} 8. Ne5 {[%clk 00:04:57]} {[%emt 00:00:07]} Na6 {[%clk
00:04:58]} {[%emt 00:00:08]} 9. a3 {[%clk 00:04:55]} {[%emt 00:00:04]} Nc7
{[%clk 00:04:58]} {[%emt 00:00:02]} 10. Nc3 {[%clk 00:04:55]} {[%emt 00:00:02]}
Bd6 {[%clk 00:04:50]} {[%emt 00:00:10]} 11. Rd1 {[%clk 00:04:44]} {[%emt
00:00:13]} Nfe8 {[%clk 00:04:19]} {[%emt 00:00:33]} 12. e4 {[%clk 00:04:43]}
{[%emt 00:00:03]} Bxe5 {[%clk 00:04:16]} {[%emt 00:00:05]} 13. dxe5 {[%clk
00:04:44]} dxc4 {[%clk 00:04:14]} {[%emt 00:00:04]} 14. Qd2 {[%clk 00:04:33]}
{[%emt 00:00:13]} Nb5 {[%emt 00:00:36]} 15. Qxd7 {[%clk 00:04:26]} {[%emt
00:00:07]} Qxd7 {[%clk 00:03:42]} {[%emt 00:00:02]} 16. Rxd7 {[%clk 00:04:27]}
Nxc3 {[%clk 00:03:43]} {[%emt 00:00:01]} 17. bxc3 {[%clk 00:04:28]} f6 {[%clk
00:03:41]} {[%emt 00:00:04]} 18. Bh3 {[%clk 00:04:12]} {[%emt 00:00:17]} fxe5
{[%clk 00:03:35]} {[%emt 00:00:09]} 19. Bxe6+ {[%clk 00:04:13]} Kh8 {[%clk
00:03:37]} 20. Be3 {[%clk 00:04:03]} {[%emt 00:00:13]} b5 {[%clk 00:03:31]}
{[%emt 00:00:08]} 21. a4 {[%clk 00:03:55]} {[%emt 00:00:10]} a6 {[%clk
00:03:26]} {[%emt 00:00:07]} 22. axb5 {[%clk 00:03:37]} {[%emt 00:00:20]} cxb5
{[%clk 00:03:26]} {[%emt 00:00:02]} 23. Bd5 {[%clk 00:03:38]} {[%emt 00:00:02]}
Rc8 {[%clk 00:03:11]} {[%emt 00:00:16]} 24. Bb7 {[%clk 00:03:34]} {[%emt
00:00:06]} Rb8 {[%clk 00:03:07]} {[%emt 00:00:06]} 25. Ba7 {[%clk 00:03:27]}
{[%emt 00:00:09]} Nf6 {[%clk 00:03:06]} {[%emt 00:00:02]} 26. Bxb8 {[%clk
00:03:16]} {[%emt 00:00:13]} Nxd7 {[%clk 00:03:04]} {[%emt 00:00:04]} 27. Bd6
{[%clk 00:03:17]} {[%emt 00:00:02]} Re8 {[%clk 00:02:40]} {[%emt 00:00:26]} 28.
Rxa6 {[%clk 00:03:13]} {[%emt 00:00:05]} Nf6 {[%clk 00:02:40]} {[%emt
00:00:03]} 29. Ra8 {[%clk 00:03:11]} {[%emt 00:00:04]} Rxa8 {[%clk 00:02:41]}
30. Bxa8 {[%clk 00:03:12]} {[%emt 00:00:01]} Nxe4 {[%clk 00:02:41]} {[%emt
00:00:02]} 31. Bxe4 {[%clk 00:03:12]} {[%emt 00:00:02]} Kg8 {[%clk 00:02:41]}
{[%emt 00:00:02]} 32. Bc6 {[%clk 00:03:11]} {[%emt 00:00:03]} b4 {[%clk
00:02:34]} {[%emt 00:00:10]} 33. Bxb4 {[%clk 00:03:12]} {[%emt 00:00:01]} e4
{[%clk 00:02:36]} 34. Bxe4 {[%clk 00:03:11]} {[%emt 00:00:03]} Kf7 {[%clk
00:02:37]} 35. Bd5+ {[%clk 00:03:12]} 1-0

[Event "World Youth & Cadets Blitz Championships"]
[Site "Rhodes, Greece"]
[Date "2022.05.03"]
[Round "1.23"]
[White "Filindash, Nikita"]
[Black "Mansurov, Yusuf"]
[Result "0-1"]
[TimeControl "5'/game & 2\"/move"]
[WhiteElo "1279"]
[BlackElo "1848"]

1. d4 {[%clk 00:05:02]} {[%emt 00:00:02]} Nf6 {[%clk 00:05:03]} {[%emt
00:00:02]} 2. c4 {[%clk 00:05:03]} e6 {[%clk 00:05:05]} 3. Nc3 {[%clk
00:05:04]} {[%emt 00:00:01]} Bb4 {[%clk 00:05:06]} {[%emt 00:00:02]} 4. e3
{[%clk 00:05:05]} c5 {[%clk 00:05:05]} {[%emt 00:00:02]} 5. Nge2 {[%clk
00:05:04]} {[%emt 00:00:03]} cxd4 {[%clk 00:04:55]} {[%emt 00:00:13]} 6. exd4
{[%clk 00:05:04]} O-O {[%clk 00:04:39]} {[%emt 00:00:18]} 7. a3 {[%clk
00:05:05]} Ba5 {[%clk 00:04:40]} {[%emt 00:00:01]} 8. b4 {[%clk 00:05:02]}
{[%emt 00:00:05]} Bc7 {[%clk 00:04:40]} {[%emt 00:00:01]} 9. Ng3 {[%clk
00:04:45]} {[%emt 00:00:19]} d5 {[%clk 00:04:36]} {[%emt 00:00:06]} 10. Be2
{[%clk 00:04:17]} {[%emt 00:00:31]} dxc4 {[%clk 00:04:26]} {[%emt 00:00:12]} 11.
O-O {[%clk 00:04:16]} {[%emt 00:00:02]} Nc6 {[%clk 00:04:18]} 12. Be3 {[%clk
00:04:16]} {[%emt 00:00:13]} Nd5 {[%clk 00:03:58]} 13. Rc1 {[%clk 00:04:09]}
{[%emt 00:00:30]} Nxc3 {[%clk 00:03:39]} 14. Rxc3 {[%clk 00:04:09]} {[%emt
00:00:23]} b5 {[%clk 00:03:35]} 15. Bf3 {[%clk 00:03:58]} {[%emt 00:00:19]} Bb7
{[%clk 00:03:25]} 16. Ne4 {[%clk 00:03:59]} {[%emt 00:00:12]} Rc8 {[%clk
00:03:10]} 17. Nc5 {[%clk 00:03:58]} {[%emt 00:00:21]} Ba8 {[%clk 00:03:05]} 18.
Qd2 {[%clk 00:03:47]} {[%emt 00:00:20]} a5 {[%clk 00:02:48]} 19. Rcc1 {[%clk
00:03:26]} {[%emt 00:00:41]} axb4 {[%clk 00:02:35]} 20. axb4 {[%clk 00:03:27]}
{[%emt 00:00:17]} Qd6 {[%clk 00:02:30]} 21. g3 {[%clk 00:03:24]} {[%emt
00:00:11]} Ne7 {[%clk 00:02:28]} 22. Rfd1 {[%clk 00:03:17]} {[%emt 00:00:14]}
Rfd8 {[%clk 00:02:18]} 23. Bxa8 {[%clk 00:03:12]} {[%emt 00:00:18]} Rxa8 {[%clk
00:02:20]} 24. Nb7 {[%clk 00:03:13]} {[%emt 00:00:02]} Qd5 {[%clk 00:02:13]} 25.
Nxd8 {[%clk 00:03:12]} {[%emt 00:00:11]} Rxd8 {[%clk 00:02:14]} 26. Qe2 {[%clk
00:03:07]} {[%emt 00:00:09]} Nf5 {[%clk 00:02:11]} {[%emt 00:00:05]} 27. f3
{[%clk 00:03:03]} {[%emt 00:00:06]} Bb6 {[%clk 00:02:08]} {[%emt 00:00:04]} 28.
Kg2 {[%clk 00:02:41]} {[%emt 00:00:23]} Nxe3+ {[%clk 00:01:54]} {[%emt
00:00:17]} 29. Qxe3 {[%clk 00:02:41]} {[%emt 00:00:02]} Bxd4 {[%clk 00:01:44]}
{[%emt 00:00:13]} 30. Qe2 {[%clk 00:02:10]} {[%emt 00:00:32]} Qg5 {[%clk
00:01:28]} {[%emt 00:00:17]} 31. Rc2 {[%clk 00:01:49]} {[%emt 00:00:24]} Bf6
{[%clk 00:01:20]} {[%emt 00:00:10]} 32. Rxd8+ {[%clk 00:01:34]} {[%emt
00:00:18]} Bxd8 {[%clk 00:01:21]} {[%emt 00:00:01]} 33. h4 {[%clk 00:01:31]}
{[%emt 00:00:04]} Qe7 {[%clk 00:01:20]} {[%emt 00:00:03]} 34. Qd2 {[%clk
00:01:19]} {[%emt 00:00:14]} h6 {[%clk 00:00:47]} {[%emt 00:00:35]} 35. Ra2
{[%clk 00:01:13]} {[%emt 00:00:08]} Bb6 {[%clk 00:00:41]} {[%emt 00:00:09]} 36.
Qc2 {[%clk 00:01:00]} {[%emt 00:00:15]} g6 {[%clk 00:00:39]} {[%emt 00:00:04]}
37. Qc3 {[%clk 00:00:59]} {[%emt 00:00:02]} e5 {[%clk 00:00:36]} {[%emt
00:00:06]} 38. Re2 {[%clk 00:00:41]} {[%emt 00:00:20]} Bc7 {[%clk 00:00:22]}
{[%emt 00:00:15]} 39. Qd2 {[%clk 00:00:14]} {[%emt 00:00:29]} Kg7 {[%clk
00:00:19]} {[%emt 00:00:05]} 40. Qc3 {[%clk 00:00:15]} {[%emt 00:00:01]} Bd6
{[%clk 00:00:17]} {[%emt 00:00:05]} 41. f4 {[%clk 00:00:15]} {[%emt 00:00:02]}
f6 {[%clk 00:00:17]} {[%emt 00:00:02]} 42. fxe5 {[%clk 00:00:10]} {[%emt
00:00:06]} fxe5 {[%clk 00:00:18]} 43. Rb2 {[%clk 00:00:11]} {[%emt 00:00:02]}
Kh7 {[%clk 00:00:17]} {[%emt 00:00:03]} 44. Qd2 {[%clk 00:00:09]} {[%emt
00:00:03]} e4 {[%clk 00:00:13]} {[%emt 00:00:07]} 45. Qe3 {[%clk 00:00:05]}
{[%emt 00:00:05]} Bxb4 {[%clk 00:00:12]} {[%emt 00:00:03]} 46. Re2 {[%clk
00:00:06]} Bc5 {[%clk 00:00:09]} {[%emt 00:00:06]} 47. Qxe4 {[%clk 00:00:06]}
{[%emt 00:00:02]} Qxe4+ {[%clk 00:00:10]} {[%emt 00:00:01]} 48. Rxe4 {[%clk
00:00:07]} c3 {[%clk 00:00:10]} {[%emt 00:00:02]} 49. Re5 {[%emt 00:00:08]} Bd4
{[%emt 00:00:07]} 50. Re2 {[%clk 00:05:02]} {[%emt 00:00:19]} 0-1

[Event "World Youth & Cadets Blitz Championships"]
[Site "Rhodes, Greece"]
[Date "2022.05.03"]
[Round "1.24"]
[White "Verbytski, Oleg"]
[Black "Bekmukhanov, Sauran"]
[Result "1-0"]
[TimeControl "5'/game & 2\"/move"]
[WhiteElo "1756"]
[BlackElo "1276"]

1. e4 {[%clk 00:05:02]} {[%emt 00:00:02]} e5 {[%clk 00:05:03]} {[%emt
00:00:02]} 2. Nf3 {[%clk 00:05:02]} {[%emt 00:00:01]} Nc6 {[%clk 00:05:04]}
{[%emt 00:00:01]} 3. Bc4 {[%clk 00:05:03]} {[%emt 00:00:02]} Nf6 {[%clk
00:05:04]} 4. O-O {[%clk 00:05:03]} {[%emt 00:00:02]} Bc5 {[%clk 00:04:59]}
{[%emt 00:00:07]} 5. d4 {[%clk 00:05:04]} {[%emt 00:00:02]} exd4 {[%clk
00:04:59]} {[%emt 00:00:02]} 6. e5 {[%clk 00:05:05]} {[%emt 00:00:01]} Ng4
{[%clk 00:04:44]} {[%emt 00:00:17]} 7. Bf4 {[%clk 00:05:05]} {[%emt 00:00:02]}
O-O {[%clk 00:04:39]} {[%emt 00:00:06]} 8. h3 {[%clk 00:05:06]} {[%emt
00:00:02]} Nh6 {[%clk 00:04:36]} {[%emt 00:00:05]} 9. Bxh6 {[%clk 00:05:06]}
{[%emt 00:00:01]} gxh6 {[%clk 00:04:37]} {[%emt 00:00:02]} 10. Qd2 {[%clk
00:05:06]} {[%emt 00:00:02]} d5 {[%clk 00:04:25]} {[%emt 00:00:14]} 11. Bb5
{[%clk 00:04:47]} {[%emt 00:00:21]} Ne7 {[%clk 00:03:58]} {[%emt 00:00:28]} 12.
Qxh6 {[%clk 00:04:40]} {[%emt 00:00:09]} Nf5 {[%clk 00:03:48]} {[%emt
00:00:12]} 13. Qd2 {[%clk 00:04:13]} {[%emt 00:00:29]} c6 {[%clk 00:03:45]}
{[%emt 00:00:05]} 14. Bd3 {[%clk 00:04:13]} {[%emt 00:00:02]} Kh8 {[%clk
00:03:32]} {[%emt 00:00:15]} 15. Qf4 {[%clk 00:04:07]} {[%emt 00:00:08]} Ng7
{[%clk 00:03:07]} {[%emt 00:00:27]} 16. Ng5 {[%clk 00:03:58]} {[%emt 00:00:11]}
Ne6 {[%clk 00:02:37]} {[%emt 00:00:33]} 17. Nxe6 {[%clk 00:03:33]} {[%emt
00:00:27]} fxe6 {[%clk 00:02:13]} {[%emt 00:00:26]} 18. Qh6 {[%clk 00:03:30]}
{[%emt 00:00:04]} Qc7 {[%clk 00:01:56]} {[%emt 00:00:19]} 19. Nd2 {[%clk
00:03:27]} {[%emt 00:00:05]} Rg8 {[%clk 00:01:47]} {[%emt 00:00:11]} 20. Nf3
{[%clk 00:03:07]} {[%emt 00:00:23]} Bf8 {[%clk 00:01:33]} {[%emt 00:00:16]} 21.
Qh5 {[%clk 00:02:48]} {[%emt 00:00:21]} Qg7 {[%clk 00:01:25]} {[%emt 00:00:08]}
22. Ng5 {[%clk 00:02:44]} {[%emt 00:00:08]} Bd7 {[%clk 00:00:34]} {[%emt
00:00:53]} 23. Nf7+ {[%clk 00:02:44]} {[%emt 00:00:01]} Qxf7 {[%clk 00:00:34]}
{[%emt 00:00:02]} 24. Qxf7 {[%clk 00:02:44]} {[%emt 00:00:03]} Be8 {[%clk
00:00:33]} {[%emt 00:00:03]} 25. Qxh7# {[%clk 00:05:02]} {[%emt 00:00:11]} 1-0

[Event "World Youth & Cadets Blitz Championships"]
[Site "Rhodes, Greece"]
[Date "2022.05.03"]
[Round "1.25"]
[White "Gabadadze, Gabriel"]
[Black "Tak, Rannveer"]
[Result "1-0"]
[TimeControl "5'/game & 2\"/move"]
[WhiteElo "1254"]
[BlackElo "1652"]

1. e4 {[%clk 00:05:03]} {[%emt 00:24:59]} e6 {[%clk 00:05:03]} {[%emt
00:00:02]} 2. d4 {[%clk 00:05:04]} {[%emt 00:00:01]} d5 {[%clk 00:05:04]} 3.
Nd2 {[%clk 00:05:05]} Nf6 {[%clk 00:05:05]} 4. e5 {[%clk 00:05:07]} {[%emt
00:00:02]} Nfd7 {[%clk 00:05:06]} 5. Bd3 {[%clk 00:05:07]} {[%emt 00:00:02]} c5
{[%clk 00:05:07]} 6. c3 {[%clk 00:05:08]} {[%emt 00:00:02]} Nc6 {[%clk
00:05:07]} 7. Ne2 {[%clk 00:05:09]} cxd4 {[%clk 00:05:01]} {[%emt 00:00:08]} 8.
cxd4 {[%clk 00:05:10]} f6 {[%clk 00:05:02]} {[%emt 00:00:02]} 9. exf6 {[%clk
00:05:10]} {[%emt 00:00:02]} Nxf6 {[%clk 00:05:03]} 10. Nf3 {[%clk 00:05:11]}
{[%emt 00:00:02]} Bd6 {[%clk 00:04:58]} 11. O-O {[%clk 00:05:11]} {[%emt
00:00:08]} O-O {[%clk 00:04:58]} 12. Bf4 {[%clk 00:05:12]} {[%emt 00:00:04]}
Bxf4 {[%clk 00:04:56]} 13. Nxf4 {[%clk 00:05:13]} {[%emt 00:00:05]} Ne4 {[%clk
00:04:55]} 14. Ne2 {[%clk 00:05:14]} {[%emt 00:00:04]} Ng5 {[%clk 00:04:45]}
{[%emt 00:00:13]} 15. Nxg5 {[%clk 00:05:00]} {[%emt 00:00:15]} Qxg5 {[%clk
00:04:45]} 16. Rc1 {[%clk 00:04:36]} {[%emt 00:00:27]} Bd7 {[%clk 00:04:31]} 17.
f4 {[%clk 00:04:22]} {[%emt 00:00:32]} Qe7 {[%clk 00:04:20]} {[%emt 00:00:13]}
18. Bb1 {[%clk 00:04:11]} {[%emt 00:00:13]} Be8 {[%clk 00:04:04]} {[%emt
00:00:18]} 19. Rf3 {[%clk 00:03:53]} {[%emt 00:00:20]} Rf6 {[%clk 00:03:50]}
{[%emt 00:00:16]} 20. Rh3 {[%clk 00:03:28]} {[%emt 00:00:27]} Bg6 {[%clk
00:03:45]} {[%emt 00:00:08]} 21. Bxg6 {[%clk 00:03:18]} {[%emt 00:00:11]} Rxg6
{[%clk 00:03:46]} 22. Qd3 {[%clk 00:02:14]} {[%emt 00:01:08]} Nb4 {[%clk
00:03:40]} {[%emt 00:00:08]} 23. Qa3 {[%clk 00:02:06]} {[%emt 00:00:09]} Nc6
{[%clk 00:03:29]} {[%emt 00:00:13]} 24. Qxe7 {[%clk 00:02:05]} {[%emt
00:00:03]} 1-0